| 000 | 00751nam0a22002531 4500 | ||
|---|---|---|---|
| 001 | rc\4486067 | ||
| 005 | 20250612095631.0 | ||
| 021 |
_aRU _b[63-87855] |
||
| 035 | _a(NLR Aleph) 008605388 | ||
| 090 |
_a8730175 _c8730175 |
||
| 100 | _a20130416d1963 |||y0rusy50 ca | ||
| 101 | 0 | _arus | |
| 102 | _aRU | ||
| 105 | _ay z ||||| | ||
| 200 | 1 |
_aСовременная Индия _eРасстановка классовых и полит. сил |
|
| 210 |
_aМосква _cПолитиздат _d1963 |
||
| 215 |
_a127 с. _d20 |
||
| 607 |
_aИндия _z20 в. _2psbo |
||
| 700 | 1 |
_aКуцобин _bП.В. _gПетр Васильевич |
|
| 801 | 0 |
_aRU _bNLR _gpsbo |
|
| 801 | 1 |
_aRU _bELAR _2rusmarc |
|
| 852 |
_aNLR _j63-3/6312 |
||
| 942 | _cBOOK | ||
| 980 | _aNB | ||